000 01296naa a22003377a 4500
001 BR7806699
003 BR-BrBNA
005 20240918174246.0
007 ta
008 230509b bl.||||| |||| 00| 0 por d
040 _aBR-BrBNA
_bpor
_cBiblioteca Nacional de Agricultura
041 _a(Pt)
072 _aF28
_b0180
_b0336
090 _aF28 BR7806699
100 1 _aWunsche, W.A.
100 1 _aDenardin, J.E.
111 1 _a2. Encontro Nacional de Pesquisa sobre Conservacao do Solo
_cPasso Fundo, RS (Brazil)
_d24 Apr 1978
245 1 _aPerdas de solo e escorrimento de agua sob chuva natural em latossolo vermelho escuro nas culturas de trigo e soja [Triticum spp., Glycine max., erosao hidrica]
260 3 _aPasso Fundo, RS (Brasil):
_c1978.
500 _aAnais do 2. Encontro Nacional de Pesquisa sobre Conservacao do Solo Passo Fundo, RS (Brasil): 1978. p. 289-296 (BR7806699-AM)F28
650 _aSOLO
650 _aLATOSSOLO VERMELHO ESCURO
650 _aTRIGO
650 _aSOJA
650 _aPRATICA CULTURAL
650 _aCHUVA
650 _aEROSAO HIDRICA
773 0 _tAnais do 2. Encontro Nacional de Pesquisa sobre Conservacao do Solo
_wF28 BR7806699
_gPasso Fundo, RS (Brasil), 1978. p. 289-296
909 _a202404
_bLucia
_c55
_dLucia Elande
942 _cAM
_2AGRIS
999 _c309928
_d309928